• 首页
  • 本馆介绍
  • 公告通知
  • 最新文献
  • 馆藏检索
  • 电子资源
  • 读者导购
  • 参考咨询
  • 我的图书馆
  • 登录
  • 详细信息显示
  • 放入我的书架
  • 预约/预借图书
  • 作者相关作品
  • 分类相关作品
  • 丛书相关作品
  • 出版社相关作品

书目信息

  • 表格格式
  • 工作单格式
  • 卡片格式
题名:
导游业务
    
 
作者: 陶汉军 , 黄松山 编著
分册:  
出版信息: 天津   南开大学出版社  2005
页数: 403页
开本: 20cm
丛书名:
单 册:
中图分类: F590.63
科图分类:
主题词: 导游--高等学校--教材
电子资源:
ISBN: 7-310-02317-X
000 00783nam0 2200241 450
001 07079000453
005 20070721101950.56
010    @a7-310-02317-X@dCNY22.00
100    @a20060606d2005 ekmy0chiy0110 ea
101 0  @achi
102    @aCN@b120000
105    @ak z 000yy
200 1  @a导游业务@Adao you ye wu@f陶汉军, 黄松山编著
210    @a天津@c南开大学出版社@d2005
215    @a403页@c表格@d20cm
300    @a高等院校旅游专业系列教材
330    @a本书共分13章,内容包括:导游服务概述、导游服务的对象、导游人员、团体旅游接待服务规范、导游服务相关知识等。
606 0  @a导游@x高等学校@j教材
690    @aF590.63@v4
701  0 @a陶汉军@Atao han jun@4编著
701  0 @a黄松山@Ahuang song shan@4编著
801  0 @aCN@bTAOJIN@c20070721
905    @a10447@dF590.63@e167
    
    导游业务/陶汉军, 黄松山编著 .-天津:南开大学出版社,2005
    403页:表格;20cm
    高等院校旅游专业系列教材
    
    ISBN 7-310-02317-X:CNY22.00
    本书共分13章,内容包括:导游服务概述、导游服务的对象、导游人员、团体旅游接待服务规范、导游服务相关知识等。
●
相关链接 在E读中查询图书 在五车中查询图书 在当当中查询图书 在豆瓣中查询图书


正题名:导游业务     索取号:F590.63/167         预约/预借

序号 登录号 条形码 馆藏地/架位号 状态 备注
1 0822717   208227177   第一样本阅览室/ [索取号:F590.63/167] 在馆    
2 0822718   208227186   第一借阅区/ [索取号:F590.63/167] 在馆    
3 0822719   208227195   第一借阅区/ [索取号:F590.63/167] 在馆    
4 0822720   208227202   第一借阅区/ [索取号:F590.63/167] 在馆    
5 0822721   208227211   第一借阅区/ [索取号:F590.63/167] 在馆    
唐山师范学院图书馆 欢迎您!
大连网信软件有限公司© 版权所有